The Gospel of Mark / (Record no. 16201)
[ view plain ]
| 000 -LEADER | |
|---|---|
| fixed length control field | 00877cam a22002411a 4500 |
| 001 - CONTROL NUMBER | |
| control field | ca 26000364 |
| 003 - CONTROL NUMBER IDENTIFIER | |
| control field | DLC |
| 005 - DATE AND TIME OF LATEST TRANSACTION | |
| control field | 20260227111117.0 |
| 008 - FIXED-LENGTH DATA ELEMENTS--GENERAL INFORMATION | |
| fixed length control field | 840822s1924 ksu 000 0 eng |
| 010 ## - LIBRARY OF CONGRESS CONTROL NUMBER | |
| LC control number | ca 26000364 |
| 035 ## - SYSTEM CONTROL NUMBER | |
| System control number | (OCoLC)11078276 |
| 040 ## - CATALOGING SOURCE | |
| Original cataloging agency | DLC |
| Transcribing agency | KPT |
| Modifying agency | DLC |
| 042 ## - AUTHENTICATION CODE | |
| Authentication code | premarc |
| 050 00 - LIBRARY OF CONGRESS CALL NUMBER | |
| Classification number | BS2583 1924 |
| 130 0# - MAIN ENTRY--UNIFORM TITLE | |
| Uniform title | Bible. |
| Name of part/section of a work | Mark. |
| Language of a work | English. |
| Version | Vedder. |
| Date of a work | 1924. |
| 245 14 - TITLE STATEMENT | |
| Title | The Gospel of Mark / |
| Statement of responsibility, etc. | Translated and edited according to modern literary forms, by Henry C. Vedder. |
| 260 ## - PUBLICATION, DISTRIBUTION, ETC. | |
| Place of publication, distribution, etc. | Girard, Kan. : |
| Name of publisher, distributor, etc. | Haldeman-Julius Co., |
| Date of publication, distribution, etc. | c1924. |
| 300 ## - PHYSICAL DESCRIPTION | |
| Extent | 64 p. ; |
| Dimensions | 13 cm. |
| 440 #0 - SERIES STATEMENT/ADDED ENTRY--TITLE | |
| Title | Little blue book ; |
| Volume/sequential designation | no. 625 |
| 500 ## - GENERAL NOTE | |
| General note | Page 64 contains advertising matter. |
| 500 ## - GENERAL NOTE | |
| General note | Published 11 December 1924; copies deposited at Library of Congress 24 December 1924; copyright renewed 19 June 1952. |
| 700 1# - ADDED ENTRY--PERSONAL NAME | |
| Personal name | Vedder, Henry C. |
| Fuller form of name | (Henry Clay), |
| Dates associated with a name | 1853-1935. |
No items available.